[Event "VEN-ch (Women)"]
[Site "Merida"]
[Date "2016.02.27"]
[Round "9"]
[White "Acosta Pineda, Irene Dalila"]
[Black "Rincon Gonzalez, Rosemary"]
[Result "1-0"]
[WhiteElo "1912"]
[BlackElo "1893"]
[PlyCount "137"]
[EventDate "2016.02.21"]
[EventType "tourn"]
[EventRounds "11"]
[EventCountry "VEN"]
[SourceTitle "CBM 171 Extra"]
[Source "ChessBase"]
[SourceDate "2016.04.26"]
[SourceVersion "1"]
[SourceVersionDate "2016.04.26"]
[SourceQuality "1"]

1. e4 e5 2. Nf3 Nc6 3. Bb5 a6 4. Ba4 Nf6 5. 0-0 Be7 6. Re1 b5 7. Bb3 0-0 8. h3 d6 9. c3 Na5 10. Bc2 c5 11. d4 Qc7 12. Nbd2 Re8 13. Nf1 Bf8 14. Ng3 g6 15. d5 h6 16. Nh2 Qe7 17. f4 exf4 18. Bxf4 Nc4 19. b3 Ne5 20. Nf3 Nfd7 21. Rf1 Bg7 22. Qd2 Nxf3+ 23. Rxf3 b4 24. Raf1 bxc3 25. Qc1 Ne5 26. Rxc3 Qh4 27. Ne2 Ra7 28. Bg3 Qd8 29. Qe1 a5 30. Bh4 g5 31. Bg3 Ba6 32. h4 Ng4 33. Rcf3 Bd4+ 34. Nxd4 cxd4 35. Bd3 Ne3 36. Bxa6 Rxa6 37. R1f2 Ra7 38. hxg5 hxg5 39. Rf6 Rd7 40. Qe2 g4 41. Bh4 Qc7 42. R2f4 Qc1+ 43. Kh2 Qd1 44. Qxd1 Nxd1 45. Rxg4+ Kh7 46. Rf5 Re5 47. Rxe5 dxe5 48. Bf6 d3 49. Bxe5 Nf2 50. Rh4+ Kg6 51. Bc3 f5 52. exf5+ Kg5 53. Kg3 Nd1 54. Bxa5 Rxd5 55. Bd2+ Kf6 56. Rh6+ Kf7 57. f6 Rc5 58. Rh1 Nb2 59. Rc1 Rc2 60. Rxc2 dxc2 61. Kg4 Nd3 62. Kf5 Nb4 63. a4 Nd5 64. a5 Nxf6 65. a6 Nd5 66. a7 Nb6 67. Ke4 Ke6 68. g4 Kf6 69. Kd3 1-0

[Event "VEN-ch (Women)"]
[Site "Merida"]
[Date "2016.02.24"]
[Round "5"]
[White "Acosta Pineda, Irene Dalila"]
[Black "Diaz Patete, Milagros"]
[Result "1/2-1/2"]
[WhiteElo "1912"]
[BlackElo "2028"]
[PlyCount "138"]
[EventDate "2016.02.21"]
[EventType "tourn"]
[EventRounds "11"]
[EventCountry "VEN"]
[SourceTitle "CBM 171 Extra"]
[Source "ChessBase"]
[SourceDate "2016.04.26"]
[SourceVersion "1"]
[SourceVersionDate "2016.04.26"]
[SourceQuality "1"]

1. e4 c5 2. Nf3 Nc6 3. d4 cxd4 4. Nxd4 g6 5. Be3 Bg7 6. Nc3 d6 7. Qd2 Nf6 8. f3 Bd7 9. Bc4 a6 10. Bb3 Na5 11. 0-0-0 b5 12. Bh6 Nxb3+ 13. Nxb3 0-0 14. Bxg7 Kxg7 15. Nd5 Nxd5 16. exd5 Qc7 17. g4 a5 18. h4 h6 19. h5 g5 20. f4 gxf4 21. Qxf4 Rac8 22. Nd4 Qc4 23. Kb1 e5 24. Nf5+ Bxf5 25. Qxf5 e4 26. g5 Qxc2+ 27. Ka1 e3 28. gxh6+ Kxh6 29. Qf6+ Kh7 30. Rdg1 Rg8 31. Qxf7+ Kh8 32. Qf6+ Kh7 33. Qf7+ Kh8 34. Qf6+ Kh7 35. Qe7+ Kh8 36. Rxg8+ Rxg8 37. Qxe3 Rg2 38. Qe8+ Kh7 39. Qd7+ Kh8 40. Qxb5 a4 41. a3 Rg3 42. Rf1 Rg7 43. Qb8+ Kh7 44. Qxd6 Qe2 45. Qf4 Qxh5 46. Qe4+ Kg8 47. Qe6+ Kh7 48. Qf5+ Qxf5 49. Rxf5 Rg1+ 50. Ka2 Kg6 51. Rf4 Rd1 52. Rxa4 Rxd5 53. Kb3 Kf6 54. Kc4 Rd1 55. Ra6+ Ke7 56. b4 Kd8 57. a4 Kc8 58. a5 Kb7 59. Re6 Rh1 60. a6+ Ka7 61. b5 Rc1+ 62. Kd5 Rb1 63. Kc6 Rc1+ 64. Kd7 Rb1 65. Kc6 Rc1+ 66. Kd7 Rc5 67. b6+ Kxa6 68. Rc6 Rh5 69. Re6 Kb7 1/2-1/2

[Event "VEN-ch (Women)"]
[Site "Lecheria"]
[Date "2015.03.13"]
[Round "2"]
[White "Varela la Madrid, Tilsia Carolin"]
[Black "Acosta Pineda, Irene Dalila"]
[Result "0-1"]
[WhiteElo "2019"]
[BlackElo "1861"]
[PlyCount "140"]
[EventDate "2015.03.12"]
[EventType "tourn"]
[EventRounds "11"]
[EventCountry "VEN"]
[SourceTitle "CBM 165 Extra"]
[Source "ChessBase"]
[SourceDate "2015.04.21"]
[SourceVersion "1"]
[SourceVersionDate "2015.04.21"]
[SourceQuality "1"]

1. e4 e5 2. Nf3 Nc6 3. Bb5 a6 4. Bxc6 dxc6 5. d4 exd4 6. Qxd4 Qxd4 7. Nxd4 Nf6 8. f3 Bd7 9. Nc3 0-0-0 10. Bg5 Be7 11. 0-0-0 h6 12. Bh4 Rhe8 13. Nb3 Be6 14. Rxd8+ Rxd8 15. e5 Nd5 16. Bxe7 Nxe7 17. Nc5 Bc4 18. b3 Bd5 19. Ne2 b6 20. Nd3 c5 21. c4 Bxf3 22. gxf3 Rxd3 23. f4 Kd7 24. Kc2 Rf3 25. Rd1+ Ke6 26. Rd2 Ng6 27. Rd3 Rf2 28. Rd2 Rf1 29. Ng3 Rxf4 30. Nh5 Rd4 31. Re2 Ke7 32. Nxg7 Rf4 33. e6 f6 34. Rg2 Ne5 35. Nh5 Rf5 36. Ng7 Rg5 37. Rxg5 hxg5 38. Kd2 Nf3+ 39. Ke3 Nd4 40. Ke4 Nxe6 41. Nf5+ Kd7 42. Ne3 Nd4 43. Nd5 f5+ 44. Ke5 f4 45. h4 gxh4 46. Kxf4 Ne2+ 47. Kg4 b5 48. cxb5 axb5 49. Kxh4 Kd6 50. Ne3 Nc1 51. a4 c6 52. Nf5+ Kc7 53. axb5 cxb5 54. b4 cxb4 55. Nd4 Kb6 56. Nc2 b3 57. Na3 Kc5 58. Kg3 b4 59. Nb1 Kd4 60. Kf2 Kd3 61. Ke1 Kc2 62. Nd2 b2 63. Nf1 b1Q 64. Ne3+ Kd3 65. Nd1 Nb3 66. Kf2 Qxd1 67. Kg2 Ke3 68. Kh2 Kf4 69. Kh3 Qg1 70. Kh4 Qh2# 0-1